00866 a2200397 4500000002100000001000700021005001700028008004100045010000500086020000500091082001600096100005300112110000500165245009900170250000500269260003500274300001000309490000700319500000500326600000500331610000500336611000500341630000500346650000500351651000500356654000500361700003200366700002700398710000900425711000500434720000500439730000500444740000500449752000500454856000900459BKB 06941420200902150256.0  a a a822.3bB46B1 aBest loved Indian stories of the century (Vol.1) a1 aBest loved Indian stories of the century (Vol.1)cedited by Indira Srinivasan and Chetna Bhatt a aNew DelhibPenguin Booksc1999 a242p. av a a a a a a a a aSrinivasan, Indira, ed.bc aBhatt, Chetna, ed.bc abc a a a a a adf